Văn học Việt Nam: Văn học trung đại Những công trình nghiên cứu

Đã lưu trong:
書目詳細資料
主要作者: LÊ THU YẾN
格式: 圖書
語言:Undetermined
出版: Hà Nội Giáo Dục 2000
主題:
標簽: 添加標簽
沒有標簽, 成為第一個標記此記錄!
Thư viện lưu trữ: Trung tâm Học liệu Trường Đại học Cần Thơ
LEADER 00563nam a2200181Ia 4500
001 CTU_46376
008 210402s9999 xx 000 0 und d
082 |a 895.92209 
082 |b Y254 
100 |a LÊ THU YẾN 
245 0 |a Văn học Việt Nam: Văn học trung đại 
245 0 |b Những công trình nghiên cứu 
245 0 |c LÊ THU YẾN 
260 |a Hà Nội 
260 |b Giáo Dục 
260 |c 2000 
650 |a vietnamese literature - history and criticism 
980 |a Trung tâm Học liệu Trường Đại học Cần Thơ